000 00675nam a2200289Ia 4500
005 20260324133727.0
008 008 260324s9999 xx 000 0 eng d
020 _a9781315704197
037 _aEBOOK
040 _aCRL
040 _beng
040 _cCRL
041 _2eng
041 _aeng
084 _qCRL
100 _aWallace J. Thies
_91194165
245 0 _aFriendly Rivals
245 0 _bBargaining and Burden-shifting in NATO
260 _bTaylor and Francis
260 _c2003
365 _a
365 _b255
856 _uhttp://www.taylorfrancis.com/books/9781315704197
942 _cEBOOK
999 _c1793515
_d1793515